000 00349 a2200109 4500
001 ART_45313
005 20260410161943.0
008 260409a
245 1 0 _aNociones preliminares sobre el proyecto de reforma previsional
100 1 _aMaligne, Alejandro M.
773 0 _tTemas de derecho laboral
_g- NÂș 12 (dic. 2017)
_wREV27619
999 _c29687
_d29687